000 00312nam a22001337a 4500
020 _a9780764145063
040 _cNUST
082 _a745.6197 KES
100 _aKespersaks, Veiko
_9111321
245 _aCalligraphy In 24 Hrs
260 _aLondon:
_bBarron,s,
_c2011.
650 _aCalligraphy
942 _2ddc
_cBK
999 _c594217
_d594217